000 00734nam a2200253 a 4500
001 84121
003 BD-RjUL
005 20241017125708.0
008 241017s1967 enkak b 000 0 eng
035 _a(BD-RjUL)84121
040 _aDLC
_cDLC
_dDLC
_dBD-RjUL
_beng
041 _aeng
082 0 0 _a658.152
_bWRD 1967
100 1 _aWright, M. G.
_q(Maurice Gordon)
_913826
245 1 0 _aDiscounted cash flow /
_c[by] M. G. Wright.
260 _aLondon ;
_aNew York :
_bMcGraw-Hill,
_c1967.
300 _ax, 178 p.
_billus.;
_c23 cm.
350 _a42/-
504 _aBibliographical footnotes.
650 0 _aCorporations
_xAccounting.
_911929
650 0 _aCash flow.
_913827
650 0 _aCapital investments.
_913828
942 _2ddc
_cBK
999 _c84121
_d84121